Corporate governance v České republice

Salvato in:
Dettagli Bibliografici
Autore principale: Růčková, Petra
Natura: Libro
Lingua:ceco
Pubblicazione: Praha Professional Publishing 2008
Soggetti:
Tags: Aggiungi Tag
Nessun Tag, puoi essere il primo ad aggiungerne!!

MARC

LEADER 00000nam$a2200000$$$4500
001 0105406
005 20240313085638.5
020 |a 978-80-86946-87-0 
041 0 |a cze 
044 |a CZ 
245 1 0 |a Corporate governance v České republice  |c Petra Růčková a kol. 
264 1 |a Praha  |b Professional Publishing  |c 2008 
300 |a 252 s. 
610 2 0 |a korporácie 
610 2 0 |a riadenie 
610 2 0 |a modely riadenia 
610 2 0 |a kontrola 
610 2 0 |a politika dividendová 
610 2 0 |a firmy 
610 2 0 |a financovanie 
610 2 0 |a úver bankový 
610 2 0 |a riadenie finančné 
610 2 0 |a zdaňovanie 
610 2 0 |a systémy daňové 
610 2 0 |a komunikácia firemná 
610 2 0 |a Česko 
610 2 0 |a Európska únia 
100 1 |a Růčková, Petra